000 00387nam a22001217a 4500
008 230605b xxu||||| |||| 00| 0 eng d
082 _a328.16762
_bGIC
100 _cPatrick G. gichohi
_eClerk Assistant, parliament of kenya
245 _aConsidered speaker's' rulimgs 1963-2007
_bFirst to Tenth Parliament of the republic of kenya
260 _cjuly 2007
300 _a236p
942 _2ddc
_cBK
999 _c354
_d354